000 00559nam a2200205Ia 4500
001 5715
003 GE_BSU
008 181216s||||||||xx |||||||||||||| ||und||
040 _cGE_BSU
080 _a511
100 _aВон,Р.
245 _aМетод-Харди-Литтлвуда
245 _cПод ред. А.А.Карацубы. Пер с английского А.А.Лаврик
260 _aМосква
260 _bМир
260 _c1985
300 _a182 с.22см.
653 _aМетод-Харди- Литтлвуда
942 _cBK
999 _c39132
_d39132